<?xml version="1.0" encoding="UTF-8"?>
<record
    xmlns:xsi="http://www.w3.org/2001/XMLSchema-instance"
    xsi:schemaLocation="http://www.loc.gov/MARC21/slim http://www.loc.gov/standards/marcxml/schema/MARC21slim.xsd"
    xmlns="http://www.loc.gov/MARC21/slim">

  <leader>04518nam a22005175i 4500</leader>
  <controlfield tag="001">978-3-031-34422-0</controlfield>
  <controlfield tag="003">DE-He213</controlfield>
  <controlfield tag="005">20250103112334.0</controlfield>
  <controlfield tag="007">cr nn 008mamaa</controlfield>
  <controlfield tag="008">231114s2023    sz |    s    |||| 0|eng d</controlfield>
  <datafield tag="020" ind1=" " ind2=" ">
    <subfield code="a">9783031344220</subfield>
    <subfield code="9">978-3-031-34422-0</subfield>
  </datafield>
  <datafield tag="024" ind1=" " ind2=" ">
    <subfield code="a">10.1007/978-3-031-34422-0</subfield>
    <subfield code="2">doi</subfield>
  </datafield>
  <datafield tag="050" ind1=" " ind2=" ">
    <subfield code="a">GC1-1581</subfield>
  </datafield>
  <datafield tag="072" ind1=" " ind2=" ">
    <subfield code="a">RBKC</subfield>
    <subfield code="2">bicssc</subfield>
  </datafield>
  <datafield tag="072" ind1=" " ind2=" ">
    <subfield code="a">SCI052000</subfield>
    <subfield code="2">bisacsh</subfield>
  </datafield>
  <datafield tag="072" ind1=" " ind2=" ">
    <subfield code="a">RBKC</subfield>
    <subfield code="2">thema</subfield>
  </datafield>
  <datafield tag="082" ind1=" " ind2=" ">
    <subfield code="a">551.46</subfield>
    <subfield code="2">23</subfield>
  </datafield>
  <datafield tag="100" ind1=" " ind2=" ">
    <subfield code="a">Mukherjee, Swapna.</subfield>
    <subfield code="e">author.</subfield>
    <subfield code="4">aut</subfield>
    <subfield code="4">http://id.loc.gov/vocabulary/relators/aut</subfield>
  </datafield>
  <datafield tag="245" ind1=" " ind2=" ">
    <subfield code="a">Environmental Oceanography and Coastal Dynamics</subfield>
    <subfield code="h">[electronic resource] :</subfield>
    <subfield code="b">Current Scenario and Future Trends /</subfield>
    <subfield code="c">by Swapna Mukherjee, Kaushik Kiran Ghosh, Abhra Chanda.</subfield>
  </datafield>
  <datafield tag="250" ind1=" " ind2=" ">
    <subfield code="a">1st ed. 2023.</subfield>
  </datafield>
  <datafield tag="260" ind1=" " ind2=" ">
    <subfield code="a">Cham :</subfield>
    <subfield code="b">Springer International Publishing :</subfield>
    <subfield code="b">Imprint: Springer,</subfield>
    <subfield code="c">2023.</subfield>
  </datafield>
  <datafield tag="300" ind1=" " ind2=" ">
    <subfield code="a">XIX, 440 p. 141 illus., 84 illus. in color.</subfield>
    <subfield code="b">online resource.</subfield>
  </datafield>
  <datafield tag="336" ind1=" " ind2=" ">
    <subfield code="a">text</subfield>
    <subfield code="b">txt</subfield>
    <subfield code="2">rdacontent</subfield>
  </datafield>
  <datafield tag="337" ind1=" " ind2=" ">
    <subfield code="a">computer</subfield>
    <subfield code="b">c</subfield>
    <subfield code="2">rdamedia</subfield>
  </datafield>
  <datafield tag="338" ind1=" " ind2=" ">
    <subfield code="a">online resource</subfield>
    <subfield code="b">cr</subfield>
    <subfield code="2">rdacarrier</subfield>
  </datafield>
  <datafield tag="347" ind1=" " ind2=" ">
    <subfield code="a">text file</subfield>
    <subfield code="b">PDF</subfield>
    <subfield code="2">rda</subfield>
  </datafield>
  <datafield tag="505" ind1=" " ind2=" ">
    <subfield code="a">An introduction to Oceanography -- Marine Ecosystems -- Oceans and Human Activities -- Basic Oceanographic Parameters and their Significance -- Coastal Pollution &#x2013; An Overview -- Nutrient Pollution -- Organic pollution -- Persistent Organic Pollutants -- Heavy metals -- Marine Oil Pollution -- Plastic Pollution -- Ocean Acidification -- Energy from the Ocean -- Marine Mineral Resources -- Coastal Hazards: Climatic and Hydrogeological Hazards -- Coastal Hazards: Geomorphic and Tectonic Hazards -- Global Sea-Level Rise and Associated Problems.</subfield>
  </datafield>
  <datafield tag="520" ind1=" " ind2=" ">
    <subfield code="a">This book deals with every aspect of oceanography in detail including various aspects of physical, chemical, geological, and biological discourse. &#x2018;Earth and Planetary Science&#x2019; is perhaps the oldest, dynamic, and ever-evolving subject. Oceanography is one of its domains, which has become important in the present date, given the ubiquitous and undeniable climate change that we are experiencing. The subject domain of oceanography encompasses several environmental issues, which need serious attention from the present scientific community. Despite the ocean&#x2019;s significant role in the collective well-being of the human race, a multitude of anthropogenic activities has drastically polluted and degraded several crucial oceanic ecosystems within a short span. This book aims to present a concise yet succinct introduction to Oceanography as a subject and at the same time highlight the cutting-edge topics of research encompassing marine pollution, coastal processes, and many other associated phenomena. Oceanography is an interdisciplinary emerging subject and students all over the world who come from varied disciplines are pursuing it as higher studies. Long sections are devoted to ocean&#x2013;atmosphere interaction, tides, waves, and related coastal processes. The book represents a comprehensive idea of human activities bestowing the ocean with particular reference to Indian examples. This book helps to understand marine pollution and the behavior of oil, plastic, and other agents in the light of real-world examples and empirical models. Harnessing electricity from waves and tides is a technological advancement in the field of unconventional energy. The vast resources of the ocean like oil, mineral, methane hydrate, and their proper estimation and exploitation is the topic of discussion in the third part of the book. This book is designated to meet the essential needs of the students studying oceanography and marine science. It may be helpful to professional oceanographers also.</subfield>
  </datafield>
  <datafield tag="650" ind1=" " ind2=" ">
    <subfield code="a">Oceanography.</subfield>
  </datafield>
  <datafield tag="650" ind1=" " ind2=" ">
    <subfield code="a">Human ecology</subfield>
    <subfield code="x">Study and teaching.</subfield>
  </datafield>
  <datafield tag="650" ind1=" " ind2=" ">
    <subfield code="a">Physical geography.</subfield>
  </datafield>
  <datafield tag="650" ind1=" " ind2=" ">
    <subfield code="a">Ocean Sciences.</subfield>
  </datafield>
  <datafield tag="650" ind1=" " ind2=" ">
    <subfield code="a">Environmental Studies.</subfield>
  </datafield>
  <datafield tag="650" ind1=" " ind2=" ">
    <subfield code="a">Physical Geography.</subfield>
  </datafield>
  <datafield tag="700" ind1=" " ind2=" ">
    <subfield code="a">Ghosh, Kaushik Kiran.</subfield>
    <subfield code="e">author.</subfield>
    <subfield code="4">aut</subfield>
    <subfield code="4">http://id.loc.gov/vocabulary/relators/aut</subfield>
  </datafield>
  <datafield tag="700" ind1=" " ind2=" ">
    <subfield code="a">Chanda, Abhra.</subfield>
    <subfield code="e">author.</subfield>
    <subfield code="4">aut</subfield>
    <subfield code="4">http://id.loc.gov/vocabulary/relators/aut</subfield>
  </datafield>
  <datafield tag="710" ind1=" " ind2=" ">
    <subfield code="a">SpringerLink (Online service)</subfield>
  </datafield>
  <datafield tag="773" ind1=" " ind2=" ">
    <subfield code="t">Springer Nature eBook</subfield>
  </datafield>
  <datafield tag="776" ind1=" " ind2=" ">
    <subfield code="i">Printed edition:</subfield>
    <subfield code="z">9783031344213</subfield>
  </datafield>
  <datafield tag="776" ind1=" " ind2=" ">
    <subfield code="i">Printed edition:</subfield>
    <subfield code="z">9783031344237</subfield>
  </datafield>
  <datafield tag="856" ind1=" " ind2=" ">
    <subfield code="u">https://doi.org/10.1007/978-3-031-34422-0</subfield>
  </datafield>
  <datafield tag="912" ind1=" " ind2=" ">
    <subfield code="a">ZDB-2-EES</subfield>
  </datafield>
  <datafield tag="912" ind1=" " ind2=" ">
    <subfield code="a">ZDB-2-SXEE</subfield>
  </datafield>
  <datafield tag="999" ind1=" " ind2=" ">
    <subfield code="c">12661</subfield>
    <subfield code="d">12661</subfield>
  </datafield>
  <datafield tag="952" ind1=" " ind2=" ">
    <subfield code="0">0</subfield>
    <subfield code="1">0</subfield>
    <subfield code="4">0</subfield>
    <subfield code="7">0</subfield>
    <subfield code="a">MU</subfield>
    <subfield code="b">MU</subfield>
    <subfield code="d">2025-01-03</subfield>
    <subfield code="r">2025-01-03</subfield>
    <subfield code="w">2025-01-03</subfield>
    <subfield code="y">EB</subfield>
  </datafield>
</record>
